Australia by Letter - S - Statistics

General Stats
  • This quiz has been taken 19 times
  • The average score is 7 of 10
Answer Stats
Hint Answer % Correct
Capital of New South Wales with a famous Opera House and Harbour Bridge Sydney
100%
Constellation pictured on the Australian flag Southern Cross
94%
Great white, bull and tiger are species of this animal found in Australian waters Shark
89%
Olympic sport in which Australians have been the most successful Swimming
89%
Australian term for a large farm or ranch with sheep and/or cattle Station
78%
"The Bush Kangaroo" Skippy
72%
Stretching from Caloundra to Noosa, this region is Queensland's 3rd most populated area Sunshine Coast
67%
What Bunnings or election day stalls are known for Sausage Sizzle
56%
Regional northern Victorian town known for agriculture; the "S" in SPC Shepparton
50%
A small, striped possum similar (but not related) to the flying squirrel Sugar glider
39%
No matching quizzes found
Score Distribution
Percent of People with Each Score
Percentile by Number Answered
Your Score History
You have not taken this quiz